000
00271nam a2200109Ia 4500
008
190912s9999||||xx |||||||||||||| ||und||
100
_a
UNI GRANTS commission
245
0
_a
Universities of Pakistan 2001
260
_a
Islamabad
_b
Addision
_c
2001
300
_a
822
942
_c
BK
999
_c
7524
_d
7524